Inclinaciones. Crítica de la rectitud
Salvato in:
| Autore principale: | |
|---|---|
| Altri autori: | |
| Natura: | Libro |
| Lingua: | inglese |
| Pubblicazione: |
Santiago, Chile:
Palinodia,
2020
|
| Serie: | Colección Archivo Feminista
|
| Soggetti: | |
| Tags: |
Aggiungi Tag
Nessun Tag, puoi essere il primo ad aggiungerne!!
|
MARC
| LEADER | 00000nam a22000007a 4500 | ||
|---|---|---|---|
| 003 | CL-VaPUC | ||
| 005 | 20220509163656.0 | ||
| 008 | 210729b2020 ||||| |||| 00| 0 eng d | ||
| 999 | |c 433396 |d 433394 | ||
| 020 | |a 978-956-8438-63-0 | ||
| 040 | |c Pontificia Universidad Católica de Valparaíso | ||
| 082 | 0 | 4 | |2 21 |a 128 CAV 2020 |
| 100 | 1 | |a Cavarero, Adriana |9 592273 |e autora | |
| 245 | 1 | 0 | |a Inclinaciones. |b Crítica de la rectitud |
| 260 | |a Santiago, Chile: |b Palinodia, |c 2020 | ||
| 300 | |a 206 páginas | ||
| 490 | 0 | |a Colección Archivo Feminista | |
| 500 | |a c1.Donación Prof. Sr. Raúl Rodríguez F., Inst. Literatura Memo 6/2021 21/7/2021 C.2 Donación Prof. Sr. Raúl Rodríguez F., Inst. Literatura Memo 03/2022. 30.03.2022 | ||
| 583 | |c 20210729 |k Cristina Rojas | ||
| 650 | 1 | |a Ser humano |x Filosofía |x Ética y moral |x Rectitud |9 862500 | |
| 700 | |a Moyano, Manuel Ignacio |e traductor |9 862488 | ||
| 942 | |2 ddc |c BK | ||
| 952 | |0 0 |1 0 |2 ddc |4 0 |6 128_000000000000000_CAV_2020 |7 0 |8 A |9 578519 |a FDOPOS |b FDOPOS |d 2021-07-29 |i 5622891 |o 128 CAV 2020 |p 5622891 |r 2025-01-22 |t 1 |w 2021-07-29 |y BK |k DLH | ||
| 952 | |0 0 |1 0 |2 ddc |4 0 |6 128_000000000000000_CAV_2020 |7 0 |8 A |9 582982 |a FDOPOS |b FDOPOS |c GEN |d 2022-05-09 |e Donación |i 5651139 |o 128 CAV 2020 |p 5651139 |r 2025-01-22 |t 2 |w 2022-05-09 |y BK |k DLH | ||